| 000 | 00377nam a22001697a 4500 | ||
|---|---|---|---|
| 005 | 20160511153654.0 | ||
| 008 | 160511b xxu||||| |||| 00| 0 eng d | ||
| 020 | _a978-0-0995137-4-2 | ||
| 041 | _aeng | ||
| 082 | _b1322 | ||
| 100 |
_aWoodel House _9476 |
||
| 245 | _aRight Hoseens | ||
| 260 |
_bArrow books _c2008 |
||
| 300 | _a300 | ||
| 650 |
_aManagement _9241 |
||
| 942 | _cBK | ||
| 999 |
_c585 _d585 |
||